000 01035nam a2200277Ia 4500
003 OSt
005 20221005105836.0
006 a|||||r|||| 00| 0
007 ta
008 221004b |||||||| |||| 00| 0 pan d
020 _a8126001240 (HBK)
_c625
024 _a93046
037 _b525, 19/03/2009, Vani Prakashan
_cTextual
040 _aCRL
_cCRL
_bpan
041 _2pan
_apan
082 _aO153,3N17,JA, 152N9
100 _aदुग्गल, कर्तार सिंह
245 0 _aजल की प्यास न जाए
246 _aJal kī pyās n jāe
260 _aनई दिल्ली
_bसाहित्य अकादमी भारत
_c1999
300 _a350पृ0
_ccm.
490 _aपंजाबी का कालजयी उपन्यास
650 _aपंजाबी निबंध
942 _hO153,3N17,JA, 152N9
_cTEXL
_2cc
999 _c1017058
_d1017058